[Event "DVM U20 2020"]
[Site "Willingen GER"]
[Date "2021.06.25"]
[Round "4"]
[White "von Estorff, Jacob"]
[Black "Biermann, Florian"]
[Result "1-0"]
[Termination "normal"]
[Board "5.2"]
[WhiteElo "2125"]
[BlackElo "2104"]
[WhiteClock "00:44:44"]
[BlackClock "00:20:07"]
[WhiteTeam "Post SV Uelzen"]
[BlackTeam "Schachgesellschaft Bochum 1931"]
[PlyCount "49"]
[WhiteFideId "12974501"]
[BlackFideId "12970069"]
[EventCountry "GER"]
[EventRounds "7"]
[EventType "team-swiss"]
[EventDate "2021.06.23"]

1. e4 {[%clk 01:30:48]} {[%emt 00:00:11]} c5 {[%clk 01:30:41]} {[%emt
00:00:19]} 2. Nf3 {[%clk 01:31:03]} {[%emt 00:00:16]} e6 {[%clk 01:31:01]}
{[%emt 00:00:11]} 3. d4 {[%clk 01:30:43]} {[%emt 00:00:49]} cxd4 {[%clk
01:31:24]} {[%emt 00:00:06]} 4. Nxd4 {[%clk 01:31:09]} {[%emt 00:00:05]} a6
{[%clk 01:31:48]} {[%emt 00:00:07]} 5. c4 {[%clk 01:27:44]} {[%emt 00:03:54]}
Nf6 {[%clk 01:31:39]} {[%emt 00:00:39]} 6. Bd3 {[%clk 01:27:34]} {[%emt
00:00:41]} Nc6 {[%clk 01:29:19]} {[%emt 00:02:50]} 7. Nc2 {[%clk 01:27:13]}
{[%emt 00:00:50]} Ne5 {[%clk 01:22:11]} {[%emt 00:07:38]} 8. Nc3 {[%clk
01:26:24]} {[%emt 00:01:19]} Qc7 {[%clk 01:19:58]} {[%emt 00:02:43]} 9. Qe2
{[%clk 01:23:49]} {[%emt 00:03:06]} d6 {[%clk 01:17:37]} {[%emt 00:02:50]} 10.
O-O {[%clk 01:23:50]} {[%emt 00:00:29]} Bd7 {[%clk 01:15:05]} {[%emt 00:03:02]}
11. b3 {[%clk 01:20:30]} {[%emt 00:03:50]} Be7 {[%clk 01:10:47]} {[%emt
00:04:49]} 12. Bb2 {[%clk 01:19:32]} {[%emt 00:01:27]} Nxd3 {[%clk 01:10:14]}
{[%emt 00:01:02]} 13. Qxd3 {[%clk 01:19:52]} {[%emt 00:00:11]} O-O {[%clk
01:10:09]} {[%emt 00:00:35]} 14. Rad1 {[%clk 01:18:53]} {[%emt 00:01:29]} Rfd8
{[%clk 01:04:36]} {[%emt 00:06:02]} 15. Qg3 {[%clk 01:16:14]} {[%emt 00:03:08]}
b5 {[%clk 01:00:48]} {[%emt 00:04:20]} 16. Ne3 {[%clk 01:14:46]} {[%emt
00:01:58]} Bc6 {[%clk 00:58:42]} {[%emt 00:02:36]} 17. Rfe1 {[%clk 01:11:12]}
{[%emt 00:04:03]} b4 {[%clk 00:51:45]} {[%emt 00:07:28]} 18. Ncd5 {[%clk
00:56:54]} {[%emt 00:14:48]} Bxd5 {[%clk 00:45:50]} {[%emt 00:06:25]} 19. exd5
{[%clk 00:56:05]} {[%emt 00:01:19]} Ne8 {[%clk 00:28:39]} {[%emt 00:17:40]} 20.
Nc2 {[%clk 00:50:17]} {[%emt 00:06:18]} a5 {[%clk 00:20:30]} {[%emt 00:08:41]}
21. dxe6 {[%clk 00:49:43]} {[%emt 00:01:03]} Bf6 {[%clk 00:20:39]} {[%emt
00:00:20]} 22. Bxf6 {[%clk 00:46:39]} {[%emt 00:03:35]} Nxf6 {[%clk 00:21:01]}
{[%emt 00:00:08]} 23. Nd4 {[%clk 00:46:20]} {[%emt 00:00:49]} Re8 {[%clk
00:20:30]} {[%emt 00:01:00]} 24. Nb5 {[%clk 00:45:53]} {[%emt 00:00:58]} Qe7
{[%clk 00:20:07]} {[%emt 00:00:53]} 25. Nxd6 {[%clk 00:44:44]} {[%emt
00:01:38]} 1-0

[Event "DVM U20 2020"]
[Site "Willingen GER"]
[Date "2021.06.25"]
[Round "4"]
[White "Askerov, Imamali"]
[Black "Prieb, Robert"]
[Result "1/2-1/2"]
[Termination "normal"]
[Board "5.4"]
[BlackTitle "CM"]
[WhiteElo "1937"]
[BlackElo "2040"]
[WhiteClock "00:21:05"]
[BlackClock "00:09:37"]
[WhiteTeam "Post SV Uelzen"]
[BlackTeam "Schachgesellschaft Bochum 1931"]
[PlyCount "163"]
[WhiteFideId "12974498"]
[BlackFideId "16212002"]
[EventCountry "GER"]
[EventRounds "7"]
[EventType "team-swiss"]
[EventDate "2021.06.23"]

1. e4 {[%clk 01:30:51]} {[%emt 00:00:09]} c5 {[%clk 01:30:48]} {[%emt
00:00:13]} 2. Nf3 {[%clk 01:31:10]} {[%emt 00:00:11]} d6 {[%clk 01:31:04]}
{[%emt 00:00:13]} 3. d4 {[%clk 01:31:22]} {[%emt 00:00:18]} cxd4 {[%clk
01:31:22]} {[%emt 00:00:12]} 4. Nxd4 {[%clk 01:31:48]} {[%emt 00:00:05]} Nf6
{[%clk 01:31:38]} {[%emt 00:00:13]} 5. Nc3 {[%clk 01:31:56]} {[%emt 00:00:22]}
a6 {[%clk 01:31:56]} {[%emt 00:00:13]} 6. h3 {[%clk 01:31:10]} {[%emt
00:01:16]} e5 {[%clk 01:31:41]} {[%emt 00:00:46]} 7. Nde2 {[%clk 01:31:32]}
{[%emt 00:00:07]} h5 {[%clk 01:31:18]} {[%emt 00:00:52]} 8. Bg5 {[%clk
01:31:24]} {[%emt 00:00:39]} Be7 {[%clk 01:30:59]} {[%emt 00:00:49]} 9. Bxf6
{[%clk 01:31:41]} {[%emt 00:00:13]} Bxf6 {[%clk 01:31:20]} {[%emt 00:00:08]}
10. Nd5 {[%clk 01:31:50]} {[%emt 00:00:21]} Bg5 {[%clk 01:31:18]} {[%emt
00:00:32]} 11. Nec3 {[%clk 01:32:02]} {[%emt 00:00:19]} Be6 {[%clk 01:28:19]}
{[%emt 00:03:29]} 12. Bc4 {[%clk 01:31:32]} {[%emt 00:01:00]} Nc6 {[%clk
01:25:23]} {[%emt 00:03:26]} 13. a4 {[%clk 01:28:46]} {[%emt 00:03:16]} Rc8
{[%clk 01:20:44]} {[%emt 00:05:09]} 14. Ba2 {[%clk 01:15:47]} {[%emt 00:13:29]}
Nd4 {[%clk 01:06:30]} {[%emt 00:14:44]} 15. O-O {[%clk 01:11:57]} {[%emt
00:04:19]} Bh4 {[%clk 01:02:26]} {[%emt 00:04:35]} 16. Kh2 {[%clk 01:07:12]}
{[%emt 00:05:16]} g5 {[%clk 00:45:54]} {[%emt 00:17:01]} 17. Ne2 {[%clk
00:58:46]} {[%emt 00:08:56]} Nxe2 {[%clk 00:39:43]} {[%emt 00:06:41]} 18. Qxe2
{[%clk 00:58:58]} {[%emt 00:00:17]} g4 {[%clk 00:38:58]} {[%emt 00:01:15]} 19.
Rad1 {[%clk 00:36:26]} {[%emt 00:23:02]} Rg8 {[%clk 00:32:33]} {[%emt
00:06:55]} 20. g3 {[%clk 00:31:39]} {[%emt 00:05:18]} gxh3 {[%clk 00:25:40]}
{[%emt 00:07:23]} 21. Qxh5 {[%clk 00:24:05]} {[%emt 00:08:04]} Rxc2 {[%clk
00:21:24]} {[%emt 00:04:46]} 22. Qxh4 {[%clk 00:14:31]} {[%emt 00:10:04]} Qxh4
{[%clk 00:21:45]} {[%emt 00:00:09]} 23. gxh4 {[%clk 00:14:58]} {[%emt
00:00:03]} Rg2+ {[%clk 00:21:57]} {[%emt 00:00:18]} 24. Kh1 {[%clk 00:15:26]}
{[%emt 00:00:01]} Rxb2 {[%clk 00:21:46]} {[%emt 00:00:41]} 25. Ne3 {[%clk
00:10:02]} {[%emt 00:05:54]} Rbxf2 {[%clk 00:16:14]} {[%emt 00:06:03]} 26. Rxf2
{[%clk 00:08:06]} {[%emt 00:02:25]} Rxf2 {[%clk 00:16:42]} {[%emt 00:00:02]}
27. Bxe6 {[%clk 00:07:21]} {[%emt 00:01:15]} fxe6 {[%clk 00:17:10]} {[%emt
00:00:01]} 28. Nc4 {[%clk 00:06:10]} {[%emt 00:01:42]} Rf4 {[%clk 00:14:27]}
{[%emt 00:03:12]} 29. Nxd6+ {[%clk 00:06:06]} {[%emt 00:00:34]} Ke7 {[%clk
00:14:47]} {[%emt 00:00:10]} 30. h5 {[%clk 00:05:54]} {[%emt 00:00:42]} Rh4
{[%clk 00:14:42]} {[%emt 00:00:35]} 31. h6 {[%clk 00:03:58]} {[%emt 00:02:26]}
b5 {[%clk 00:13:23]} {[%emt 00:01:49]} 32. axb5 {[%clk 00:03:52]} {[%emt
00:00:36]} axb5 {[%clk 00:13:48]} {[%emt 00:00:05]} 33. h7 {[%clk 00:02:32]}
{[%emt 00:01:50]} b4 {[%clk 00:12:10]} {[%emt 00:02:09]} 34. Nc4 {[%clk
00:02:02]} {[%emt 00:01:00]} Rxh7 {[%clk 00:12:23]} {[%emt 00:00:16]} 35. Nxe5
{[%clk 00:01:52]} {[%emt 00:00:40]} Kf6 {[%clk 00:12:07]} {[%emt 00:00:47]} 36.
Nd3 {[%clk 00:01:22]} {[%emt 00:00:59]} b3 {[%clk 00:10:25]} {[%emt 00:02:13]}
37. Rb1 {[%clk 00:00:43]} {[%emt 00:01:09]} Rb7 {[%clk 00:09:44]} {[%emt
00:01:10]} 38. Kh2 {[%clk 00:00:55]} {[%emt 00:00:18]} b2 {[%clk 00:09:32]}
{[%emt 00:00:43]} 39. Nxb2 {[%clk 00:00:34]} {[%emt 00:00:51]} Ke7 {[%clk
00:03:02]} {[%emt 00:06:59]} 40. Kxh3 {[%clk 00:00:44]} {[%emt 00:00:19]} Rb4
{[%clk 00:03:22]} {[%emt 00:00:10]} 41. Kg3 {[%clk 00:27:38]} {[%emt 00:03:36]}
Rxe4 {[%clk 00:33:39]} {[%emt 00:00:13]} 42. Rd1 {[%clk 00:27:26]} {[%emt
00:00:40]} Kf6 {[%clk 00:31:04]} {[%emt 00:03:07]} 43. Kf3 {[%clk 00:26:31]}
{[%emt 00:01:24]} Rh4 {[%clk 00:30:18]} {[%emt 00:01:16]} 44. Nd3 {[%clk
00:26:22]} {[%emt 00:00:40]} Kf5 {[%clk 00:29:37]} {[%emt 00:01:11]} 45. Nf2
{[%clk 00:26:27]} {[%emt 00:00:25]} Ra4 {[%clk 00:28:51]} {[%emt 00:01:16]} 46.
Rd8 {[%clk 00:25:17]} {[%emt 00:01:40]} Rf4+ {[%clk 00:27:29]} {[%emt
00:01:53]} 47. Ke3 {[%clk 00:25:37]} {[%emt 00:00:09]} Ra4 {[%clk 00:26:45]}
{[%emt 00:01:15]} 48. Rf8+ {[%clk 00:25:06]} {[%emt 00:01:01]} Ke5 {[%clk
00:25:55]} {[%emt 00:01:19]} 49. Nd3+ {[%clk 00:25:27]} {[%emt 00:00:10]} Kd6
{[%clk 00:25:53]} {[%emt 00:00:32]} 50. Rb8 {[%clk 00:25:03]} {[%emt 00:00:54]}
Rc4 {[%clk 00:20:48]} {[%emt 00:05:34]} 51. Rb6+ {[%clk 00:24:32]} {[%emt
00:01:02]} Rc6 {[%clk 00:20:14]} {[%emt 00:01:04]} 52. Rb4 {[%clk 00:24:57]}
{[%emt 00:00:05]} Rc8 {[%clk 00:19:46]} {[%emt 00:00:59]} 53. Ke4 {[%clk
00:24:41]} {[%emt 00:00:45]} Rg8 {[%clk 00:18:38]} {[%emt 00:01:38]} 54. Rb6+
{[%clk 00:24:55]} {[%emt 00:00:17]} Ke7 {[%clk 00:18:06]} {[%emt 00:01:01]} 55.
Nf4 {[%clk 00:25:04]} {[%emt 00:00:21]} Rg1 {[%clk 00:16:32]} {[%emt 00:02:04]}
56. Rxe6+ {[%clk 00:25:25]} {[%emt 00:00:09]} Kd7 {[%clk 00:16:08]} {[%emt
00:00:53]} 57. Rh6 {[%clk 00:23:57]} {[%emt 00:01:58]} Re1+ {[%clk 00:15:13]}
{[%emt 00:01:26]} 58. Kd4 {[%clk 00:22:58]} {[%emt 00:01:27]} Ke7 {[%clk
00:13:50]} {[%emt 00:01:53]} 59. Nd5+ {[%clk 00:22:15]} {[%emt 00:01:14]} Kf7
{[%clk 00:13:48]} {[%emt 00:00:31]} 60. Ne3 {[%clk 00:22:06]} {[%emt 00:00:39]}
Rg1 {[%clk 00:13:15]} {[%emt 00:01:03]} 61. Ke4 {[%clk 00:22:19]} {[%emt
00:00:18]} Rg6 {[%clk 00:13:02]} {[%emt 00:00:42]} 62. Rh5 {[%clk 00:22:19]}
{[%emt 00:00:30]} Re6+ {[%clk 00:12:26]} {[%emt 00:01:07]} 63. Kf4 {[%clk
00:22:38]} {[%emt 00:00:11]} Ke7 {[%clk 00:12:07]} {[%emt 00:00:49]} 64. Rd5
{[%clk 00:22:48]} {[%emt 00:00:19]} Ra6 {[%clk 00:11:41]} {[%emt 00:00:57]} 65.
Nf5+ {[%clk 00:22:26]} {[%emt 00:00:52]} Ke6 {[%clk 00:11:33]} {[%emt
00:00:38]} 66. Re5+ {[%clk 00:22:07]} {[%emt 00:00:49]} Kf6 {[%clk 00:11:51]}
{[%emt 00:00:11]} 67. Ng3 {[%clk 00:22:13]} {[%emt 00:00:24]} Kf7 {[%clk
00:10:20]} {[%emt 00:02:01]} 68. Ne4 {[%clk 00:22:27]} {[%emt 00:00:16]} Ra1
{[%clk 00:10:06]} {[%emt 00:00:44]} 69. Ng5+ {[%clk 00:22:17]} {[%emt
00:00:40]} Kf6 {[%clk 00:09:58]} {[%emt 00:00:39]} 70. Re6+ {[%clk 00:22:19]}
{[%emt 00:00:28]} Kg7 {[%clk 00:10:22]} {[%emt 00:00:05]} 71. Rb6 {[%clk
00:22:23]} {[%emt 00:00:26]} Rf1+ {[%clk 00:09:56]} {[%emt 00:00:57]} 72. Kg4
{[%clk 00:21:48]} {[%emt 00:01:05]} Rg1+ {[%clk 00:10:02]} {[%emt 00:00:24]}
73. Kh4 {[%clk 00:22:14]} {[%emt 00:00:03]} Rh1+ {[%clk 00:10:21]} {[%emt
00:00:12]} 74. Nh3 {[%clk 00:22:38]} {[%emt 00:00:05]} Kf7 {[%clk 00:10:23]}
{[%emt 00:00:28]} 75. Kg4 {[%clk 00:22:59]} {[%emt 00:00:09]} Ke7 {[%clk
00:10:35]} {[%emt 00:00:18]} 76. Nf4 {[%clk 00:23:21]} {[%emt 00:00:08]} Rg1+
{[%clk 00:10:23]} {[%emt 00:00:43]} 77. Kf5 {[%clk 00:23:34]} {[%emt 00:00:16]}
Rf1 {[%clk 00:09:52]} {[%emt 00:01:01]} 78. Rh6 {[%clk 00:22:45]} {[%emt
00:01:19]} Kd7 {[%clk 00:09:28]} {[%emt 00:00:54]} 79. Ke5 {[%clk 00:20:20]}
{[%emt 00:02:54]} Re1+ {[%clk 00:09:45]} {[%emt 00:00:13]} 80. Kd4 {[%clk
00:20:42]} {[%emt 00:00:08]} Rd1+ {[%clk 00:09:34]} {[%emt 00:00:42]} 81. Nd3
{[%clk 00:21:05]} {[%emt 00:00:06]} Ke7 {[%clk 00:09:37]} {[%emt 00:00:27]} 82.
Ke4 {[%emt 00:00:13]} 1/2-1/2

[Event "DVM U20 2020"]
[Site "Willingen GER"]
[Date "2021.06.25"]
[Round "4"]
[White "Klugstedt, Vincent"]
[Black "Falke, Philipp"]
[Result "1/2-1/2"]
[Termination "normal"]
[Board "5.5"]
[WhiteElo "1928"]
[BlackElo "1334"]
[WhiteClock "00:54:29"]
[BlackClock "00:05:55"]
[WhiteTeam "Schachgesellschaft Bochum 1931"]
[BlackTeam "Post SV Uelzen"]
[PlyCount "100"]
[WhiteFideId "16216393"]
[BlackFideId "16294696"]
[EventCountry "GER"]
[EventRounds "7"]
[EventType "team-swiss"]
[EventDate "2021.06.23"]

1. d4 {[%clk 01:30:57]} {[%emt 00:00:02]} d5 {[%clk 01:30:46]} {[%emt
00:00:14]} 2. c4 {[%clk 01:31:22]} {[%emt 00:00:06]} e6 {[%clk 01:30:58]}
{[%emt 00:00:18]} 3. Nc3 {[%clk 01:31:42]} {[%emt 00:00:09]} Nf6 {[%clk
01:31:08]} {[%emt 00:00:20]} 4. cxd5 {[%clk 01:32:04]} {[%emt 00:00:09]} exd5
{[%clk 01:31:28]} {[%emt 00:00:11]} 5. Bg5 {[%clk 01:32:24]} {[%emt 00:00:10]}
Be7 {[%clk 01:31:27]} {[%emt 00:00:30]} 6. e3 {[%clk 01:32:32]} {[%emt
00:00:22]} O-O {[%clk 01:30:57]} {[%emt 00:01:00]} 7. Bd3 {[%clk 01:32:52]}
{[%emt 00:00:10]} Re8 {[%clk 01:30:21]} {[%emt 00:01:06]} 8. h3 {[%clk
01:32:31]} {[%emt 00:00:51]} Nbd7 {[%clk 01:29:13]} {[%emt 00:01:38]} 9. Nf3
{[%clk 01:32:10]} {[%emt 00:00:53]} c6 {[%clk 01:28:50]} {[%emt 00:00:51]} 10.
O-O {[%clk 01:32:29]} {[%emt 00:00:12]} Nf8 {[%clk 01:26:41]} {[%emt 00:02:38]}
11. Rb1 {[%clk 01:32:15]} {[%emt 00:00:45]} Ng6 {[%clk 01:25:36]} {[%emt
00:01:35]} 12. Qc2 {[%clk 01:31:57]} {[%emt 00:00:48]} Be6 {[%clk 01:22:14]}
{[%emt 00:03:51]} 13. b4 {[%clk 01:31:36]} {[%emt 00:00:52]} a6 {[%clk
01:22:11]} {[%emt 00:00:33]} 14. a4 {[%clk 01:31:13]} {[%emt 00:00:52]} Qc7
{[%clk 01:19:21]} {[%emt 00:03:19]} 15. Rfc1 {[%clk 01:30:26]} {[%emt
00:01:18]} Rec8 {[%clk 01:13:46]} {[%emt 00:06:04]} 16. Qb3 {[%clk 01:28:23]}
{[%emt 00:02:34]} h6 {[%clk 01:09:25]} {[%emt 00:04:52]} 17. Bxf6 {[%clk
01:28:07]} {[%emt 00:00:45]} Bxf6 {[%clk 01:09:43]} {[%emt 00:00:12]} 18. Ne2
{[%clk 01:27:48]} {[%emt 00:00:49]} Be7 {[%clk 01:07:11]} {[%emt 00:03:02]} 19.
Rc3 {[%clk 01:25:16]} {[%emt 00:03:02]} Qd7 {[%clk 01:05:59]} {[%emt 00:01:41]}
20. Bxg6 {[%clk 01:24:14]} {[%emt 00:01:34]} fxg6 {[%clk 01:06:09]} {[%emt
00:00:20]} 21. Ne5 {[%clk 01:24:34]} {[%emt 00:00:10]} Qe8 {[%clk 01:05:44]}
{[%emt 00:00:53]} 22. Nf4 {[%clk 01:24:05]} {[%emt 00:01:01]} Bf5 {[%clk
01:04:44]} {[%emt 00:01:28]} 23. Re1 {[%clk 01:24:07]} {[%emt 00:00:30]} Bd6
{[%clk 00:59:53]} {[%emt 00:05:20]} 24. e4 {[%clk 01:23:05]} {[%emt 00:01:32]}
g5 {[%clk 00:46:33]} {[%emt 00:13:50]} 25. exf5 {[%clk 01:17:25]} {[%emt
00:06:10]} gxf4 {[%clk 00:45:50]} {[%emt 00:01:13]} 26. Rf3 {[%clk 01:17:20]}
{[%emt 00:00:35]} Qh5 {[%clk 00:42:40]} {[%emt 00:03:36]} 27. Rxf4 {[%clk
01:17:17]} {[%emt 00:00:38]} Rf8 {[%clk 00:42:02]} {[%emt 00:01:08]} 28. b5
{[%clk 01:14:53]} {[%emt 00:02:53]} axb5 {[%clk 00:41:24]} {[%emt 00:01:08]}
29. axb5 {[%clk 01:15:14]} {[%emt 00:00:09]} Ra3 {[%clk 00:38:30]} {[%emt
00:03:23]} 30. Qb1 {[%clk 01:14:48]} {[%emt 00:00:57]} Qg5 {[%clk 00:37:19]}
{[%emt 00:01:40]} 31. Rg4 {[%clk 01:11:23]} {[%emt 00:03:56]} Qxf5 {[%clk
00:35:58]} {[%emt 00:01:51]} 32. Qxf5 {[%clk 01:11:26]} {[%emt 00:00:27]} Rxf5
{[%clk 00:36:09]} {[%emt 00:00:15]} 33. bxc6 {[%clk 01:11:06]} {[%emt
00:00:53]} Bxe5 {[%clk 00:35:01]} {[%emt 00:01:38]} 34. cxb7 {[%clk 01:08:07]}
{[%emt 00:03:29]} Bb8 {[%clk 00:32:57]} {[%emt 00:02:32]} 35. f4 {[%clk
01:04:36]} {[%emt 00:04:02]} Kf7 {[%clk 00:27:58]} {[%emt 00:05:29]} 36. Rb1
{[%clk 01:03:22]} {[%emt 00:01:44]} Rd3 {[%clk 00:26:04]} {[%emt 00:02:22]} 37.
Rb6 {[%clk 01:02:37]} {[%emt 00:01:17]} Rf6 {[%clk 00:24:30]} {[%emt 00:02:02]}
38. Rb4 {[%clk 01:02:18]} {[%emt 00:00:49]} Rc6 {[%clk 00:21:21]} {[%emt
00:03:35]} 39. f5 {[%clk 01:00:37]} {[%emt 00:02:15]} Rf6 {[%clk 00:20:34]}
{[%emt 00:01:17]} 40. Kf2 {[%clk 01:00:23]} {[%emt 00:00:45]} Rxf5+ {[%clk
00:19:41]} {[%emt 00:01:23]} 41. Ke2 {[%clk 01:00:43]} {[%emt 00:00:09]} Ra3
{[%clk 00:18:26]} {[%emt 00:01:43]} 42. Rb6 {[%clk 01:00:31]} {[%emt 00:00:43]}
Rf6 {[%clk 00:17:43]} {[%emt 00:01:12]} 43. Rb5 {[%clk 01:00:46]} {[%emt
00:00:15]} Rd6 {[%clk 00:17:15]} {[%emt 00:00:58]} 44. Rf4+ {[%clk 00:59:25]}
{[%emt 00:01:53]} Ke7 {[%clk 00:14:38]} {[%emt 00:03:05]} 45. Rf5 {[%clk
00:58:55]} {[%emt 00:01:02]} Ra7 {[%clk 00:13:09]} {[%emt 00:01:56]} 46. Kf3
{[%clk 00:57:55]} {[%emt 00:01:32]} Rf6 {[%clk 00:12:19]} {[%emt 00:01:19]} 47.
Rxf6 {[%clk 00:55:09]} {[%emt 00:03:17]} Kxf6 {[%clk 00:12:35]} {[%emt
00:00:13]} 48. h4 {[%clk 00:54:32]} {[%emt 00:01:07]} Ra3+ {[%clk 00:11:08]}
{[%emt 00:01:57]} 49. Kf2 {[%clk 00:54:17]} {[%emt 00:00:45]} Ra2+ {[%clk
00:09:00]} {[%emt 00:02:38]} 50. Kf3 {[%clk 00:54:29]} {[%emt 00:00:19]} Ra3+
{[%clk 00:05:55]} {[%emt 00:03:34]} 1/2-1/2

[Event "DVM U20 2020"]
[Site "Willingen GER"]
[Date "2021.06.25"]
[Round "4"]
[White "Schulze, Max Peter"]
[Black "Gluma, Christian"]
[Result "0-1"]
[Termination "normal"]
[Board "5.6"]
[WhiteElo "1125"]
[BlackElo "1864"]
[WhiteClock "00:00:56"]
[BlackClock "00:16:44"]
[WhiteTeam "Post SV Uelzen"]
[BlackTeam "Schachgesellschaft Bochum 1931"]
[PlyCount "70"]
[WhiteFideId "16272200"]
[BlackFideId "16223209"]
[EventCountry "GER"]
[EventRounds "7"]
[EventType "team-swiss"]
[EventDate "2021.06.23"]

1. d4 {[%clk 01:30:59]} g6 {[%clk 01:30:57]} {[%emt 00:00:04]} 2. c4 {[%clk
01:31:21]} {[%emt 00:00:08]} Bg7 {[%clk 01:31:24]} {[%emt 00:00:03]} 3. Nc3
{[%clk 01:31:32]} {[%emt 00:00:19]} d6 {[%clk 01:31:51]} {[%emt 00:00:03]} 4.
Nf3 {[%clk 01:31:30]} {[%emt 00:00:32]} Nd7 {[%clk 01:31:20]} {[%emt 00:01:02]}
5. e3 {[%clk 01:24:52]} {[%emt 00:07:07]} e5 {[%clk 01:31:37]} {[%emt
00:00:13]} 6. d5 {[%clk 01:23:53]} {[%emt 00:01:28]} f5 {[%clk 01:31:52]}
{[%emt 00:00:15]} 7. Be2 {[%clk 01:08:12]} {[%emt 00:16:10]} Ngf6 {[%clk
01:31:45]} {[%emt 00:00:38]} 8. O-O {[%clk 01:05:54]} {[%emt 00:02:48]} O-O
{[%clk 01:30:22]} {[%emt 00:01:54]} 9. Bd2 {[%clk 01:01:16]} {[%emt 00:05:07]}
Nc5 {[%clk 01:29:06]} {[%emt 00:01:47]} 10. Qc2 {[%clk 00:55:02]} {[%emt
00:06:44]} Nce4 {[%clk 01:27:44]} {[%emt 00:01:53]} 11. Be1 {[%clk 00:52:43]}
{[%emt 00:02:48]} h6 {[%clk 01:24:43]} {[%emt 00:03:30]} 12. Nxe4 {[%clk
00:47:00]} {[%emt 00:06:13]} Nxe4 {[%clk 01:24:57]} {[%emt 00:00:16]} 13. Nd2
{[%clk 00:46:40]} {[%emt 00:00:50]} Nf6 {[%clk 01:23:28]} {[%emt 00:02:00]} 14.
b4 {[%clk 00:40:31]} {[%emt 00:06:39]} b6 {[%clk 01:18:45]} {[%emt 00:05:14]}
15. a4 {[%clk 00:38:53]} {[%emt 00:02:07]} Bd7 {[%clk 01:14:43]} {[%emt
00:04:32]} 16. Nb3 {[%clk 00:33:44]} {[%emt 00:05:35]} Qe7 {[%clk 01:11:45]}
{[%emt 00:03:31]} 17. Ra3 {[%clk 00:28:24]} {[%emt 00:05:50]} Kh8 {[%clk
01:03:31]} {[%emt 00:08:44]} 18. Qa2 {[%clk 00:25:38]} {[%emt 00:03:16]} c5
{[%clk 00:59:00]} {[%emt 00:05:01]} 19. a5 {[%clk 00:23:50]} {[%emt 00:02:18]}
b5 {[%clk 00:51:42]} {[%emt 00:07:48]} 20. Nc1 {[%clk 00:17:27]} {[%emt
00:06:53]} cxb4 {[%clk 00:47:42]} {[%emt 00:04:30]} 21. Bxb4 {[%clk 00:16:18]}
{[%emt 00:01:39]} Rab8 {[%clk 00:45:40]} {[%emt 00:02:32]} 22. Rb3 {[%clk
00:13:02]} {[%emt 00:03:45]} Ne4 {[%clk 00:37:22]} {[%emt 00:08:48]} 23. Be1
{[%clk 00:11:02]} {[%emt 00:02:30]} Nc5 {[%clk 00:34:13]} {[%emt 00:03:39]} 24.
Rb1 {[%clk 00:09:48]} {[%emt 00:01:45]} bxc4 {[%clk 00:33:40]} {[%emt
00:01:03]} 25. Bxc4 {[%clk 00:09:57]} {[%emt 00:00:21]} f4 {[%clk 00:28:24]}
{[%emt 00:05:46]} 26. Bd2 {[%clk 00:06:47]} {[%emt 00:03:40]} f3 {[%clk
00:20:57]} {[%emt 00:07:56]} 27. Rxb8 {[%clk 00:06:01]} {[%emt 00:01:15]} Rxb8
{[%clk 00:20:06]} {[%emt 00:01:21]} 28. g3 {[%clk 00:05:36]} {[%emt 00:00:55]}
Qg5 {[%clk 00:18:57]} {[%emt 00:01:39]} 29. Kh1 {[%clk 00:03:28]} {[%emt
00:02:38]} Bh3 {[%clk 00:18:47]} {[%emt 00:00:40]} 30. Re1 {[%clk 00:03:22]}
{[%emt 00:00:37]} Bf5 {[%clk 00:16:39]} {[%emt 00:02:37]} 31. Qa3 {[%clk
00:01:24]} {[%emt 00:02:29]} Ne4 {[%clk 00:16:21]} {[%emt 00:00:47]} 32. Bb4
{[%clk 00:00:56]} {[%emt 00:00:58]} Nxf2+ {[%clk 00:16:42]} {[%emt 00:00:09]}
33. Kg1 {[%clk 00:01:16]} {[%emt 00:00:10]} Nh3+ {[%clk 00:17:05]} {[%emt
00:00:07]} 34. Kf1 {[%clk 00:00:59]} {[%emt 00:00:48]} Qg4 {[%clk 00:16:44]}
{[%emt 00:00:51]} 35. Bxd6 {[%clk 00:00:56]} {[%emt 00:00:33]} Qxc4+ {[%emt
00:00:54]} 0-1